| 000 | 00574nam a22001817a 4500 | ||
|---|---|---|---|
| 005 | 20260203141212.0 | ||
| 008 | 260203b |||||||| |||| 00| 0 eng d | ||
| 020 | _a978-1-4933-0354-0 | ||
| 050 | _aQA 76.76 .C65 A45 2001 | ||
| 100 | _aALLEN, RANDY | ||
| 245 | _aOPTIMIZING COMPILERS FOR MODERN ARCHITECTURES: A DEPENDENCE BASED APPROACH | ||
| 260 |
_aAMSTERDAM, _bMORGAN KAUFMANN PUBLISHERS, _c2001 |
||
| 300 | _a834 P | ||
| 500 | _aINCLUDES REFERENCES | ||
| 650 | _aCOMPILERS (COMPUTER PROGRAMS). COMPUTER ARCHITECHTURE | ||
| 700 | _aKENNEDY KEN | ||
| 942 |
_2lcc _cBK |
||
| 999 |
_c216519 _d216519 |
||